Judicial review and compliance with administrative law / (Record no. 11600)
[ view plain ]
| 000 -LEADER | |
|---|---|
| fixed length control field | 00717nam a22002172 4500 |
| 001 - CONTROL NUMBER | |
| control field | 0000024932 |
| 005 - DATE AND TIME OF LATEST TRANSACTION | |
| control field | 20151217154513.0 |
| 008 - FIXED-LENGTH DATA ELEMENTS--GENERAL INFORMATION | |
| fixed length control field | 140331s xx 000 0 eng d |
| 020 ## - INTERNATIONAL STANDARD BOOK NUMBER | |
| International Standard Book Number | 1841132659 : |
| 040 ## - CATALOGING SOURCE | |
| Original cataloging agency | KABU |
| Transcribing agency | KABU |
| 100 1# - MAIN ENTRY--PERSONAL NAME | |
| Personal name | Halliday, Simon. |
| -- | 0000185239 |
| 245 10 - TITLE STATEMENT | |
| Title | Judicial review and compliance with administrative law / |
| Statement of responsibility, etc. | Simon Halliday. |
| 250 ## - EDITION STATEMENT | |
| Edition statement | 1st ed. |
| 260 ## - PUBLICATION, DISTRIBUTION, ETC. (IMPRINT) | |
| Place of publication, distribution, etc. | Portland, OR : |
| Name of publisher, distributor, etc. | Hart, |
| Date of publication, distribution, etc. | 2004. |
| 300 ## - PHYSICAL DESCRIPTION | |
| Extent | xviii, 188 p. |
| 650 #0 - SUBJECT ADDED ENTRY--TOPICAL TERM | |
| Topical term or geographic name as entry element | Judicial review of administrative acts |
| Geographic subdivision | England. |
| -- | 0000185240 |
| 650 #0 - SUBJECT ADDED ENTRY--TOPICAL TERM | |
| Topical term or geographic name as entry element | Judicial review of administrative acts |
| Geographic subdivision | Wales. |
| -- | 0000185241 |
| 852 1# - LOCATION | |
| -- | p5365 KES |
| 908 ## - PUT COMMAND PARAMETER (RLIN) | |
| Put command parameter | 140331 |
| 950 ## - LOCAL HOLDINGS (RLIN) | |
| -- | 1 |
| Withdrawn status | Lost status | Source of classification or shelving scheme | Not for loan | Home library | Current library | Date acquired | Total Checkouts | Full call number | Barcode | Date last seen | Date last checked out | Price effective from | Koha item type |
|---|---|---|---|---|---|---|---|---|---|---|---|---|---|
| Library of Congress Classification | Kabarak, Main Campus | Kabarak, Main Campus | 17/12/2015 | 5 | KD4902 .H35 2004 c. 1 | 017862 | 15/03/2021 | 01/03/2021 | 17/12/2015 | General Collection |